00198nam a22000737a 4500008004100000100002400041245004500065300001400110140211t xxu||||| |||| 00| 0 eng d aDr. M. Basharat Ali aLaws and Principles of Quranic Sociology a6, 143 p.